| 000 | 00879nam a22002417a 4500 | ||
|---|---|---|---|
| 005 | 20240530110433.0 | ||
| 008 | 150405s2011 ua g 000 0 ara d | ||
| 017 |
_a2010/24242 _bمصر . دار الكتب المصرية |
||
| 020 | _a9789774280238 | ||
| 040 | _aEG-CaGPL | ||
| 082 | 0 | 4 |
_221 _a331.1172\ _bم أ |
| 100 | 0 | _aاحمد ياسر الخواجة | |
| 245 | 1 | 0 |
_aاتجاهات الشباب نحو ثقافة العمل الحر : _bدراسة ميدانية / _cمحمد ياسر الخواجة . |
| 250 | _aط1. | ||
| 260 |
_aالقاهرة : _bمصر العربية للنشر والتوزيع ، _c2011. |
||
| 300 |
_a146 ص ؛ _c24 سم. |
||
| 650 | 0 | 4 | _aالعمل والعمال |
| 650 | 0 | 4 |
_aالشباب _xتشغيل |
| 650 | 0 | 4 | _aحق العمل |
| 650 | 0 | 4 | _aالعمل الحر |
| 942 |
_2ddc _cBK |
||
| 999 |
_c60890 _d60890 |
||